|
|
|
|
| LEADER |
00998nab a2200253 i 4500 |
| 001 |
misc65991 |
| 005 |
20240909141133.0 |
| 008 |
240226s1958 hu o 000 ger d |
| 022 |
|
|
|a 1216-8076
|
| 040 |
|
|
|a SZTE Miscellanea Repozitórium
|b hun
|
| 041 |
|
|
|a ger
|
| 041 |
|
|
|a tut
|
| 100 |
2 |
|
|a Sebestyén Irén Németh Gyuláné
|
| 245 |
1 |
4 |
|a Die Possessiven Fügungen im Samojedischen und das Problem der uralischen Genitivs
|h [elektronikus dokumentum] /
|c Sebestyén Irén Németh Gyuláné
|
| 260 |
|
|
|a Akadémiai Kiadó
|b Budapest
|c 1958
|
| 300 |
|
|
|a 273-340
|
| 300 |
|
|
|a [68] p.
|
| 490 |
0 |
|
|a Acta Linguistica Academiae Scientiarum Hungaricae;Acta linguistica Hungarica : an international journal of linguistics
|
| 561 |
|
|
|a Németh Gyula hagyaték
|
| 591 |
|
|
|a NOU 5429; LOU 3487
|
| 650 |
|
4 |
|a Bölcsészettudományok
|
| 650 |
|
4 |
|a Nyelvek és irodalom
|
| 695 |
|
|
|a Szamojéd nyelvek, Uráli nyelvek
|
| 856 |
4 |
0 |
|u http://misc.bibl.u-szeged.hu/65991/1/5429_nou.pdf
|z Dokumentum-elérés
|